000
002910000a22000970004500
100
1
_a
Klem, Herb
245
1
0
_a
Dependence on literacy strategy : Taking a hard second look
300
_a
Vol. 12, Núm 2 (1995), Páginas 59-64
773
0
_t
International Journal of Frontier Misions
942
_c
ANA
999
_c
55297
_d
55297